000 01073nam a2200241Ia 4500
999 _c39949
_d39949
001 6555
003 GE_BSU
005 20191017112913.0
008 181216s1954||||ge |||||||||||||| ||geo||
040 _cGE_BSU
041 _ageo
080 _a821.353.1-1 ბ-56
100 _aბერულავა, ხუტა
_93945
245 _aლექსები, პოემები /
_cხუტა ბერულავა ; რედ. რ. ორჯონიკიძე ; მხატვ. გ. გულისაშვილი ; ვ. ტოროტაძე.
264 _aთბილისი :
_bსახელგამი ;
_c1954.
300 _a201 გვ. :
_bფოტო პორტრეტი ;
_c20 სმ.
653 _aლექსები
653 _aპოემები
700 _aორჯონიკიძე, რ.
_eრედაქტორი
_94789
700 _aგულისაშვილი, გ.
_eმხატვარი
_94790
700 _aტოროტაძე, ვ.
_eმხატვარი
_94791
942 _cBK
_2udc